Регионална библиотека "Любен Каравелов" - Русе

Amoureuse ; L'Infidele (Запис номер 344770)

MARC детайли
000 -Лидер
Контролно поле с фиксирана дължина 00913nam a2200301 c 4500
003 - Код на организацията, давaща контролен номер
Контролно поле BLK
005 - Дата и час на последна редакция
Контролно поле 20190913121317.0
008 - Елементи от данни с фиксирана дължина
fixed length control field 180911b bul|||||r ||||||| ||bul||
010 ## - Наследен системен номер
LC control number 004436
040 ## - Източник на каталожния запис
Идентификатор на билиотеката - собственик на записа BLK
041 ## - Код за език
Код за езика на текст/звукозапис или на отделно заглавие Френски
080 ## - УДК
УДК - код + определител 840-2
100 1# - Редна дума - Автор
Автор PORTO-RICH, Georges de
Авторска отговорност първи автор
245 00 - Сведения за заглавието
Заглавие Amoureuse ; L'Infidele
246 ## - Различни форми на заглавието
Наименование на поредна част от произведението драма-трагедии
260 ## - Област на издателските данни
Място на издаване, разпространение и проч. Paris
Име на издателя, разпространителя и проч. Artheme Fayard et Cie
Година на издаване s.a
300 ## - Физическа характеристика
Страници 124 с
Илюстрации и др. с ил.
Размери/Мащаб 24 см
380 ## - Жанр
Жанр Литературознание
490 ## - СЕРИИ (Колекции)
Име на серия Modern-Theatre
490 ## - СЕРИИ (Колекции)
Име на серия Частна колекция - Академик Михаил Арнаудов
Бележки за серията Дарение - Основен фонд
653 ## - Ключова дума – ненормативна
9 (RLIN)
Ключова дума драма
653 ## - Ключова дума – ненормативна
9 (RLIN)
Ключова дума трагедии
655 ## - Ключова дума – жанр/разновидност
Данни за жанр/разновидност или ключова дума за фокус френска литература
700 1# - Други автори (авторска отговорност)
Лично име Georges de Porto-Riche
700 1# - Други автори (авторска отговорност)
Лично име Ill. de Paul Thirat
852 ## - Местоположение
Форматна сигнатура МА 1549
942 ## - АРТИКУЛИ
Вид на библиотечния материал Книги
Скрит в OPAC Не
944 ## - СЪЗДАВАНЕ И РЕДАКЦИЯ на ЗАПИСА
Създаване/Редакция Създаване
Дата на регистрацията/редакция 1996
Служител, извършил регистрацията/редакцията ValK
999 ## - СИСТЕМНИ КОНТРОЛНИ НОМЕРА
Koha biblionumber 344770
Koha biblioitemnumber 344770
Наличности
Код за отписване Код за изгубен артикул Източник на класификационната схема Код за повреда Коз за рестрикции Код за отдаване Артикулен № Име на библиотеката - собственик Име на библиотеката, в която се намира в момента Статус (Текущо местоположение) Местоположение - отдел Цена в лева Номерация (Хронология) Инвентарен номер Систематично азбучна сигнатура Баркод Номер на екземпляра Цена в евро Служебен тип на артикула
  Не е изгубен Universal Decimal Classification Не е повреден без рестрикции Специални фондове ( старопечатни, редки и ценни, фонд М. Арнаудов) 745243 Регионална библиотека "Любен Каравелов" Русе Регионална библиотека "Любен Каравелов" Русе Фонд "Михаил Арнаудов" Фонд "Михаил Арнаудов" 20.00   588946 МА 1549 120000588946 1 10.23 Книги
Vip Innovations Ltd, Rousse, Bulgaria 2025